Capitol Visitor Center : status of schedule, fire protection, cost, and related issues : testimony before the Subcommittee on the Legislative Branch, Committee on Appropriations, U.S. Senate /
| Main Author: | |
|---|---|
| Corporate Authors: | , |
| Other Authors: | |
| Format: | Government Document eBook |
| Language: | English |
| Published: |
[Washington, D.C.] :
U.S. Government Accountability Office,
[2005]
|
| Series: | Testimony ;
GAO-06-180 T. |
| Subjects: | |
| Online Access: | Abstract: Text version: PDF version: |
MARC
| Tag | First Indicator | Second Indicator | Subfields |
|---|---|---|---|
| LEADER | 00000cam a2200000Ia 4500 | ||
| 001 | in00002110013 | ||
| 005 | 20220106090256.0 | ||
| 006 | m d f | ||
| 007 | cr mn||||||||| | ||
| 008 | 051208s2005 dcu sb f000 0 eng d | ||
| 035 | |a (OCoLC)ocm62512640 | ||
| 037 | |b GAO (202)512-6000 (voice); (202)512-6061 (Fax); (202)512-2537 (TDD) |f paper copy | ||
| 040 | |a GPO |c GPO |d MvI |d UtOrBLW | ||
| 043 | |a n-us--- | ||
| 049 | |a WWW | ||
| 074 | |a 0546-D-01 (online) | ||
| 086 | 0 | |a GA 1.5/2:GAO-06-180 T | |
| 100 | 1 | |a Ungar, Bernard L. | |
| 245 | 1 | 0 | |a Capitol Visitor Center : |b status of schedule, fire protection, cost, and related issues : testimony before the Subcommittee on the Legislative Branch, Committee on Appropriations, U.S. Senate / |c statement of Bernard L. Ungar [and] Terrell Dorn. |
| 246 | 3 | 0 | |a Status of schedule, fire protection, cost, and related issues |
| 264 | 1 | |a [Washington, D.C.] : |b U.S. Government Accountability Office, |c [2005] | |
| 300 | |a 14 pages : |b digital, PDF file. | ||
| 336 | |a text |b txt |2 rdacontent | ||
| 337 | |a computer |b c |2 rdamedia | ||
| 338 | |a online resource |b cr |2 rdacarrier | ||
| 490 | 1 | |a Testimony ; |v GAO-06-180 T | |
| 538 | |a Mode of access: Internet from GPO Access web site. Address as of 3/27/06: http://www.gao.gov/docdblite/summary.php?rptno=GAO-06-180T&accno=A39757 (abstract), http://www.gao.gov/htext/d06180t.html (text version), http://frwebgate.access.gpo.gov/cgi-bin/getdoc.cgi?dbname=gao&docid=f:d06180t.pdf (PDF version); current access available via PURL. | ||
| 500 | |a Title from title screen (viewed on Nov. 14, 2005). | ||
| 500 | |a "For release ... October 18, 2005." | ||
| 500 | |a Paper version available from: U.S. Government Accountability Office, 441 G St., NW, Rm. LM, Washington, D.C. 20548. | ||
| 504 | |a Includes bibliographical references. | ||
| 500 | |a Electronic resource. | ||
| 610 | 2 | 0 | |a United States Capitol Visitor Center (Washington, D.C.) |
| 610 | 2 | 0 | |a United States Capitol (Washington, D.C.) |
| 650 | 0 | |a Visitors' centers |z Washington (D.C.) |x Finance. | |
| 650 | 0 | |a Visitors' centers |z Washington (D.C.) |x Design and construction. | |
| 700 | 1 | |a Dorn, Terrell. | |
| 710 | 1 | |a United States. |b Congress. |b Senate. |b Committee on Appropriations. |b Subcommittee on the Legislative Branch. | |
| 710 | 1 | |a United States. |b Government Accountability Office. | |
| 830 | 0 | |a Testimony ; |v GAO-06-180 T. | |
| 856 | 4 | 0 | |3 Abstract: |u http://www.gao.gov/docdblite/summary.php?rptno=GAO-06-180T&accno=A39757 |t 0 |
| 856 | 4 | 0 | |3 Text version: |u http://www.gao.gov/htext/d06180t.html |t 0 |
| 856 | 4 | 0 | |3 PDF version: |u https://purl.fdlp.gov/GPO/LPS65138 |t 0 |
| 999 | |a MARS | ||
| 999 | f | f | |s 43f45a42-85b6-3c11-bd51-01ce1bf9577c |i 8efcd9f8-f770-3043-9a96-6a4b13442bfa |t 0 |
| 952 | f | f | |a Texas A&M University |b College Station |c Electronic Resources |d Available Online |t 0 |e GA 1.5/2:GAO-06-180 T |h Superintendent of Documents classification |
| 998 | f | f | |a GA 1.5/2:GAO-06-180 T |t 0 |l Available Online |